000 00900nam a2200277Ia 4500
003 OSt
005 20221007124935.0
006 a|||||r|||| 00| 0
007 ta
008 221006b |||||||| |||| 00| 0 eng d
020 _a9780470927953 (HBK)
024 _a200129
037 _b1092651, Atlantic Publishers & Distributors (P) Ltd.
_cTextual
040 _aCDL
_cCDL
_beng
041 _2eng
_aeng
082 _aE5:4, Q8.3 Carc
100 _aLarock Richard C Ed.
_9721064
245 0 _aComprehensive organic transformations: A guide to functional group preparations
250 _a3
260 _aNew
_bjersey Wiley USA
_c2018
300 _alii, 1719-2438p. ill.
_ccm.
490 _vVol.3
500 _a4 volume set
942 _hE5:4, Q8.3 Carc
_cTEXL
_2CC
999 _c1214411
_d1214411